Derecho disciplinario policial (Registro nro. 6547)

Detalles MARC
000 -Cabecera
Campo de control de longitud fija 00887aam a2200325 4500
005 - Fecha y hora de la última transacción
Campo de control 20250918160111.0
008 - Elementos de longitud fija--Información general
Campo de control de longitud fija 150727b2006 xxu||||| |||| 00| 0 spa d
041 ## - Idioma
Código de idioma Español
082 ## - Clasificación Decimal Dewey
Número de clasificación 363.22 B687d
100 ## - Entrada principal--Autor personal
Nombre personal Bolaños González, Jimmy
9 (RLIN) 10946
245 ## - Título propiamente dicho
Título Derecho disciplinario policial
260 ## - Pie de imprenta
Lugar de publicación, distribución, etc. Costa Rica
260 ## - Pie de imprenta
Nombre del editor, distribuidor, etc. EUNED
260 ## - Pie de imprenta
Fecha de publicación, distribución, etc. 2006
300 ## - Descripción física
Extensión 316 páginas
490 ## - Serie
Título de la Serie Investigación Criminal
650 ## - Materia general
Temática (materia general) COSTA RICA
650 ## - Materia general
Temática (materia general) SEGURIDAD PÚBLICA
650 ## - Materia general
Temática (materia general) SERVICIOS DE POLICÍA
650 ## - Materia general
Temática (materia general) DERECHO LABORAL
650 ## - Materia general
Temática (materia general) DISCIPLINA POLICIAL
650 ## - Materia general
Temática (materia general) DERECHO ADMINISTRATIVO
650 ## - Materia general
Temática (materia general) DEBIDO PROCESO
650 ## - Materia general
Temática (materia general) TEORÍA DEL RÉGIMEN DISCIPLINARIO
650 ## - Materia general
Temática (materia general) DEBERES POLICIALES
650 ## - Materia general
Temática (materia general) SANCIONES DISCIPLINARIAS
650 ## - Materia general
Temática (materia general) PROCEDIMIENTO DISCIPLINARIO POLICIAL
650 ## - Materia general
Temática (materia general) POLICÍA
942 ## - Punto de acceso adicional KOHA
Tipo de ítem KOHA Libro
Fuente del sistema de clasificación o colocación Dewey Decimal Classification
Existencias
Signatura completa Código de barras Programa Académico Tipo de ítem
363.22 B687d 17905 Investigación Criminal Libro
363.22 B687d 11810 Investigación Criminal Libro
363.22 B687d 13791 Investigación Criminal Libro